Encyclopedia of cryptology / (Record no. 175990)
[ view plain ]
| 000 -LEADER | |
|---|---|
| fixed length control field | 00563 a2200205 4500 |
| 003 - CONTROL NUMBER IDENTIFIER | |
| control field | Nust |
| 005 - DATE AND TIME OF LATEST TRANSACTION | |
| control field | 20221007161542.0 |
| 010 ## - LIBRARY OF CONGRESS CONTROL NUMBER | |
| LC control number | 97028018 |
| 020 ## - INTERNATIONAL STANDARD BOOK NUMBER | |
| International Standard Book Number | 0874367727 (alk. paper) |
| 040 ## - CATALOGING SOURCE | |
| Transcribing agency | Nust |
| 082 00 - DEWEY DECIMAL CLASSIFICATION NUMBER | |
| Classification number | 652.803,NEW |
| 100 1# - MAIN ENTRY--PERSONAL NAME | |
| Personal name | Newton, David E. |
| 9 (RLIN) | 3339 |
| 245 10 - TITLE STATEMENT | |
| Title | Encyclopedia of cryptology / |
| Statement of responsibility, etc. | David E. Newton. |
| 246 30 - VARYING FORM OF TITLE | |
| Title proper/short title | Cryptology |
| 260 ## - PUBLICATION, DISTRIBUTION, ETC. | |
| Place of publication, distribution, etc. | Santa Barbara, Calif. : |
| Name of publisher, distributor, etc. | ABC-CLIO, |
| Date of publication, distribution, etc. | c1997. |
| 300 ## - PHYSICAL DESCRIPTION | |
| Extent | xi, 330 p. : |
| Other physical details | ill. ; |
| Dimensions | 26 cm. |
| 500 ## - GENERAL NOTE | |
| General note | contents missing |
| 650 #0 - SUBJECT ADDED ENTRY--TOPICAL TERM | |
| Topical term or geographic name entry element | Cryptography |
| General subdivision | Encyclopedias. |
| 9 (RLIN) | 99508 |
| 942 ## - ADDED ENTRY ELEMENTS (KOHA) | |
| Koha item type | Reference |
| Source of classification or shelving scheme | |
| Withdrawn status | Lost status | Source of classification or shelving scheme | Damaged status | Not for loan | Permanent Location | Current Location | Shelving location | Date acquired | Full call number | Barcode | Date last seen | Price effective from | Koha item type | Public note |
|---|---|---|---|---|---|---|---|---|---|---|---|---|---|---|
| Military College of Signals (MCS) | Military College of Signals (MCS) | Reference | 12/12/2016 | 652.803,NEW | MCS30506 | 12/08/2016 | 12/12/2016 | Reference | Almirah No.24, Shelf No.4 |
